Teamwork : involving people in quality and productivity improvement

Bibliographic Details
Main Author: Audrey, Charles A
Other Authors: Felkins, Patricia K
Format: Book
Published: New York : Quality Resources , 1988
Subjects:

MARC

LEADER 00000cam a2200000 7i4500
001 0000001179
002 000001301
005 20000330.0
020 |a 0527916269 
090 0 0 |a 658.3152   |b AUD 
100 1 |a Audrey, Charles A 
245 1 0 |a Teamwork :   |b involving people in quality and productivity improvement   |c Charles A. Audrey and Patricia K. Felkins 
260 |a New York :   |b Quality Resources ,   |c 1988 
300 |a 176 p. ;   |c 23 cm. 
650 0 0 |a Management   |x Employee participation 
700 1 |a Felkins, Patricia K 
999 |a 030843   |b BUKU   |c PINJAMAN   |e PERPUSTAKAAN KOMUNITI PETALING JAYA